000 01024nam a2200229Ia 4500
003 IN-BaIIA
008 211028s9999 xx 000 0 eng d
020 _a0-937707-40-6
040 _cIIA Library
080 _a082.2:52
_bASP-21
111 _aWorkshop on The Space Distribution of Quasars
_cCanada
_d1991 June 3-5
_917688
245 4 _aThe space distribution of quasars
_bproceedings of a workshop held as part of the 75th anniversary celebrations of the National Research Council of Canada, at the Dominion Astrophysical Observatory, Victoria, Canada, June 3rd to 5th, 1991
_cedited by David Crampton
260 _aSan Francisco
_bAstronomical Society of the Pacific
_c1991
300 _axv, 401p.
490 _aASP conference series; v. 21
650 _aActive galactic nuclei
_96209
650 _aAstronomy and Astrophysics Thesaurus
650 _aQuasars
_91096
700 _aCrampton, David., ed.
_917689
710 _aNational Research Council of Canada
_917690
942 _cBK
999 _c10404
_d10404